[Event "4NCL/Div1/SWD-PP1"]
[Site "Rd11-Birmingham"]
[Date "2001.05.07"]
[Round "11.7"]
[White "Richmond, Peter"]
[Black "Devereaux, Maxim"]
[Result "0-1"]
[WhiteElo "2237"]
[BlackElo "2274"]
[PlyCount "62"]
[EventDate "2001.05.07"]

1. e4 c5 2. Nf3 Nc6 3. d4 cxd4 4. Nxd4 Nf6 5. Nc3 e5 6. Ndb5 d6 7. Bg5 a6 8.
Na3 b5 9. Bxf6 gxf6 10. Nd5 Bg7 11. Bd3 Ne7 12. Nxe7 Qxe7 13. c4 f5 14. cxb5 d5
15. bxa6 Qb4+ 16. Qd2 Qxd2+ 17. Kxd2 fxe4 18. Bb5+ Ke7 19. Nc2 Bh6+ 20. Ke2
Bxa6 21. Bxa6 Rxa6 22. Rhb1 d4 23. Ke1 Rc8 24. Nb4 Rd6 25. a4 Rc4 26. Na2 Rxa4
27. Nc1 Rxa1 28. Rxa1 Rb6 29. Ne2 e3 30. Ng3 exf2+ 31. Kxf2 Ke6 0-1

[Event "4NCL/Div1/SWD-PP1"]
[Site "Rd11-Birmingham"]
[Date "2001.05.07"]
[Round "11.8"]
[White "Connolly, Suzanne"]
[Black "Cast, Abigail"]
[Result "1/2-1/2"]
[WhiteElo "2083"]
[BlackElo "2121"]
[PlyCount "67"]
[EventDate "2001.05.07"]

1. e4 e6 2. d4 d5 3. Nd2 Nf6 4. e5 Nfd7 5. Bd3 c5 6. c3 Nc6 7. Ne2 Qb6 8. Nf3
cxd4 9. cxd4 f6 10. exf6 Nxf6 11. O-O Bd6 12. Nc3 O-O 13. Bg5 Bd7 14. Na4 Qc7
15. Bh4 e5 16. dxe5 Nxe5 17. Nxe5 Bxe5 18. Bg3 Bxg3 19. hxg3 Rac8 20. Nc3 Be6
21. Rc1 Qb6 22. Na4 Qd6 23. Rxc8 Bxc8 24. Qd2 Be6 25. Qf4 Qxf4 26. gxf4 b6 27.
Nc3 Rd8 28. Nb5 a5 29. Nd4 Bd7 30. Rc1 Rc8 31. Rxc8+ Bxc8 32. Kf1 Kf8 33. Ke2
Bd7 34. g3 1/2-1/2

[Event "4NCL/Div1/WR1-BAR1"]
[Site "Rd11-Birmingham"]
[Date "2001.05.07"]
[Round "11.1"]
[White "Arkell, Keith"]
[Black "Parker, Jonathan"]
[Result "1/2-1/2"]
[WhiteElo "2436"]
[BlackElo "2545"]
[PlyCount "107"]
[EventDate "2001.05.07"]

1. d4 e6 2. c4 b6 3. a3 Bb7 4. Nc3 d5 5. Nf3 Nf6 6. Bg5 Be7 7. e3 O-O 8. cxd5
Nxd5 9. Bxe7 Qxe7 10. Nxd5 Bxd5 11. Rc1 Rc8 12. Bc4 Bb7 13. O-O Nd7 14. Qe2 a6
15. Rfd1 b5 16. Ba2 c5 17. e4 c4 18. Bb1 e5 19. dxe5 Nxe5 20. Nd4 g6 21. Qe3
Rd8 22. f3 Rd7 23. Ne2 Rad8 24. Rxd7 Rxd7 25. Nc3 Nd3 26. Bxd3 Rxd3 27. Qf4 Qd8
28. h4 h5 29. Rc2 Bc6 30. Re2 a5 31. e5 Rd4 32. Qg5 Qxg5 33. hxg5 b4 34. axb4
axb4 35. Na2 b3 36. Nc3 Bd7 37. Re4 Rd2 38. Rxc4 Be6 39. Rb4 Rxb2 40. Rb8+ Kg7
41. Ne4 Rc2 42. Nd6 b2 43. Kh2 h4 44. Ne8+ Kf8 45. Nf6+ Bc8 46. Nd5 Kg7 47. Ne3
Re2 48. Nd1 Rxe5 49. Nxb2 Be6 50. Rb4 h3 51. Nd3 Rxg5 52. g4 Ra5 53. Kxh3 Ra3
54. Rd4 1/2-1/2

[Event "4NCL/Div1/WR1-BAR1"]
[Site "Rd11-Birmingham"]
[Date "2001.05.07"]
[Round "11.3"]
[White "Hunt, Harriet"]
[Black "Ferguson, Mark"]
[Result "1/2-1/2"]
[WhiteElo "2426"]
[BlackElo "2374"]
[PlyCount "20"]
[EventDate "2001.05.07"]

1. e4 e5 2. Nf3 Nc6 3. Bb5 Nf6 4. d3 d6 5. c3 g6 6. O-O Bg7 7. Nbd2 O-O 8. Re1
a6 9. Ba4 b5 10. Bc2 d5 1/2-1/2

[Event "4NCL/Div1/WR1-BAR1"]
[Site "Rd11-Birmingham"]
[Date "2001.05.07"]
[Round "11.4"]
[White "Knott, Simon"]
[Black "Dunworth, Chris"]
[Result "1-0"]
[WhiteElo "2373"]
[BlackElo "2287"]
[PlyCount "107"]
[EventDate "2001.05.07"]

1. c4 b6 2. b3 Bb7 3. Bb2 e6 4. Nf3 Nf6 5. e3 Be7 6. d4 Ne4 7. Bd3 Bb4+ 8. Ke2
f5 9. a3 Be7 10. Nbd2 O-O 11. Re1 Qe8 12. Nf1 Qg6 13. Ng3 d6 14. Kf1 Nd7 15.
Nd2 Ndf6 16. Ndxe4 fxe4 17. Be2 Qg5 18. Kg1 Rf7 19. a4 a5 20. Bc3 Raf8 21. b4
axb4 22. Bxb4 c5 23. dxc5 bxc5 24. Bc3 Nd7 25. Rf1 Ne5 26. Rb1 Ba8 27. Rb6 Nf3+
28. gxf3 exf3 29. Bd3 Qh4 30. Re1 Bf6 31. Bxf6 Rxf6 32. Bf1 d5 33. Qb1 Rh6 34.
h3 Qd8 35. cxd5 Bxd5 36. e4 Ba8 37. Kh2 Qd2 38. Rb2 Qf4 39. Qc1 Qe5 40. Rb5 Rc8
41. Qb2 Qd6 42. e5 Qf8 43. Rc1 Rh4 44. Rc4 Rxc4 45. Bxc4 Bd5 46. Qc3 g6 47.
Bxd5 exd5 48. Rb7 c4 49. e6 h5 50. Rf7 Qh6 51. Qf6 c3 52. Nxh5 c2 53. Rg7+ Kh8
54. Rc7+ 1-0

[Event "4NCL/Div1/WR1-BAR1"]
[Site "Rd11-Birmingham"]
[Date "2001.05.07"]
[Round "11.5"]
[White "Gayson, Peter"]
[Black "Dishman, Stephen"]
[Result "1/2-1/2"]
[WhiteElo "2273"]
[BlackElo "2364"]
[PlyCount "22"]
[EventDate "2001.05.07"]

1. e4 c5 2. Nf3 Nc6 3. d4 cxd4 4. Nxd4 g6 5. Nc3 Bg7 6. Be3 Nf6 7. Bc4 Qa5 8.
O-O O-O 9. Bb3 d6 10. h3 Bd7 11. f4 Qh5 1/2-1/2

[Event "4NCL/Div1/WR1-BAR1"]
[Site "Rd11-Birmingham"]
[Date "2001.05.07"]
[Round "11.6"]
[White "Webster, Andrew"]
[Black "Barrett, Stephen"]
[Result "1/2-1/2"]
[WhiteElo "2435"]
[BlackElo "2217"]
[PlyCount "90"]
[EventDate "2001.05.07"]

1. c4 Nf6 2. g3 g6 3. Bg2 Bg7 4. Nc3 O-O 5. e4 d6 6. Nge2 c6 7. O-O e5 8. h3
Be6 9. b3 d5 10. exd5 cxd5 11. d4 exd4 12. Nxd4 Nc6 13. Nxe6 fxe6 14. Rb1 Qa5
15. Bd2 d4 16. Na4 Qc7 17. Nc5 Rae8 18. Re1 Nd8 19. Ne4 Nxe4 20. Rxe4 Nc6 21.
Qe2 e5 22. b4 Qf7 23. Rb3 d3 24. Qf1 Rd8 25. c5 Nd4 26. Rxd3 Qxa2 27. Re1 Qa6
28. Be4 Qb5 29. Ra3 Qd7 30. Bg5 Ra8 31. Kg2 a6 32. Qc4+ Kh8 33. h4 Rf7 34. Rh1
Raf8 35. Ra2 Qg4 36. Bd5 Rd7 37. Re1 h6 38. Be3 Rfd8 39. f3 Qf5 40. Be4 Qf6 41.
Rd2 Nxf3 42. Bxf3 Rxd2+ 43. Bxd2 Rxd2+ 44. Re2 Rd4 45. Qb3 Rd7 1/2-1/2

[Event "4NCL/Div1/WR1-BAR1"]
[Site "Rd11-Birmingham"]
[Date "2001.05.07"]
[Round "11.7"]
[White "Jones, Gawain"]
[Black "Palliser, Richard"]
[Result "1/2-1/2"]
[WhiteElo "2188"]
[BlackElo "2342"]
[PlyCount "47"]
[EventDate "2001.05.07"]

1. e4 c5 2. Nc3 Nc6 3. Bb5 Nd4 4. Bc4 e6 5. Nf3 Ne7 6. Nxd4 cxd4 7. Ne2 Nc6 8.
O-O Bc5 {(=)} 9. c3 a6 10. b4 Ba7 11. cxd4 Nxd4 12. Bb2 Nxe2+ 13. Qxe2 O-O 14.
e5 b5 15. Qe4 Rb8 16. Bd3 g6 17. Qf4 Bb7 18. Rac1 Rc8 19. Bb1 Rxc1 20. Rxc1 Qa8
21. Qg4 Rc8 22. d4 Rxc1+ 23. Bxc1 Qc8 24. Bb2 1/2-1/2

[Event "4NCL/Div1/WR1-BAR1"]
[Site "Rd11-Birmingham"]
[Date "2001.05.07"]
[Round "11.8"]
[White "Walker, Ellen"]
[Black "Burnett, Jim"]
[Result "0-1"]
[WhiteElo "1640"]
[BlackElo "2213"]
[PlyCount "70"]
[EventDate "2001.05.07"]

1. e4 d5 2. exd5 Qxd5 3. Nc3 Qa5 4. Nf3 Nf6 5. Bc4 c6 6. O-O Bf5 7. d4 e6 8.
Bf4 Nbd7 9. Qe2 Bb4 10. Nd1 O-O 11. a3 Be7 12. Nc3 Rfe8 13. Rfe1 a6 14. Rad1
Nd5 15. Nxd5 cxd5 16. Bd3 Bxd3 17. Qxd3 Qb6 18. Rb1 Rac8 19. c3 Qc6 20. Nd2 b5
21. Qg3 a5 22. Nb3 Qb6 23. Re3 b4 24. axb4 axb4 25. Bh6 Bf8 26. Rf3 f5 27. Nc5
Nxc5 28. dxc5 Qxc5 29. Be3 Qc7 30. Bf4 e5 31. Bd2 bxc3 32. bxc3 Qd7 33. Qg5 g6
34. Re1 Bg7 35. Rh3 Qe7 0-1

[Event "4NCL/Div1/WG1-BG1"]
[Site "Rd11-Birmingham"]
[Date "2001.05.07"]
[Round "11.5"]
[White "Ward, Chris"]
[Black "Hodgson, Julian"]
[Result "1/2-1/2"]
[WhiteElo "2505"]
[BlackElo "2595"]
[PlyCount "162"]
[EventDate "2001.05.07"]

1. d4 d5 2. c4 c6 3. Nc3 Nf6 4. Nf3 a6 5. Ne5 Nbd7 6. Bf4 dxc4 7. Nxc4 Nd5 8.
Bg3 b5 9. Nxd5 cxd5 10. Nd2 Nb6 11. Rc1 Nc4 12. b3 Nd6 13. Qc2 e6 14. e3 Bb7
15. Qc7 Rc8 16. Qxd8+ Kxd8 17. Rxc8+ Kxc8 18. Bd3 Ne4 19. Bxe4 dxe4 20. Ke2 Kd7
21. Rc1 Bc6 22. Rc2 Bb4 23. a3 Bxa3 24. Ra2 Bb4 25. Rxa6 Ra8 26. Rxa8 Bxa8 27.
Kd1 Bd5 28. Kc2 Bxd2 29. Kxd2 Bxb3 30. Kc3 Bc4 31. Bf4 f6 32. Kb4 Kc6 33. Bb8
Bf1 34. g3 g5 35. Ba7 Bc4 36. Bc5 Kd7 37. Kc3 Ke8 38. Bd6 Kf7 39. Bc5 h6 40.
Bd6 Kg6 41. Be7 Kf5 42. Bf8 Kg6 43. Be7 Bd5 44. Bd8 Bc6 45. Be7 Be8 46. Bd8 Kf5
47. h3 Kg6 48. Be7 Bd7 49. h4 Be8 50. Kb4 Kf5 51. Bd8 Kg6 52. Be7 gxh4 53. gxh4
f5 54. Bf8 f4 55. exf4 Kf5 56. Kc3 Kg4 57. Kd2 h5 58. Be7 Kf3 59. Ke1 Bc6 60.
Bc5 Bd5 61. Be7 Bc4 62. Bd6 Kg4 63. Be7 b4 64. Bxb4 Kxh4 65. Kd2 Kg4 66. Ke3 h4
67. Bd6 Bd5 68. f5 exf5 69. Bc7 Bc6 70. Bd6 Kh3 71. Be7 Kg4 72. Bd6 h3 73. Bh2
Kg5 74. Bg3 Kf6 75. Kf4 Ke6 76. Bh2 Bb5 77. Kg3 Bf1 78. Kf4 Bg2 79. d5+ Kxd5
80. Kxf5 Kd4 81. Kg4 Kd3 1/2-1/2

[Event "4NCL/Div1/WG1-BG1"]
[Site "Rd11-Birmingham"]
[Date "2001.05.07"]
[Round "11.6"]
[White "Hebden, Mark"]
[Black "Turner, Matthew"]
[Result "1/2-1/2"]
[WhiteElo "2560"]
[BlackElo "2516"]
[PlyCount "84"]
[EventDate "2001.05.07"]

1. d4 d5 2. c4 c6 3. Nf3 Nf6 4. e3 g6 5. Nc3 Bg7 6. Bd3 O-O 7. O-O dxc4 8. Bxc4
Bg4 9. h3 Bxf3 10. Qxf3 Nbd7 11. Rd1 e5 12. d5 e4 13. Nxe4 Nxe4 14. Qxe4 Nf6
15. Qf3 cxd5 16. Bxd5 Nxd5 17. Rxd5 Qb6 18. Rb1 Rfd8 19. e4 Rxd5 20. exd5 Qa5
21. Bg5 Re8 22. b4 Qxa2 23. Rd1 h6 24. Bf4 Qa4 25. d6 Rd8 26. Qe2 Qxb4 27. Qe7
Ra8 28. Be5 Bxe5 29. Qxe5 Qa4 30. Rc1 Rd8 31. Qf6 Rf8 32. Qe7 Ra8 33. Qxb7 Rd8
34. Qe7 Qd7 35. Rc7 Qxe7 36. dxe7 Re8 37. Rxa7 f6 38. h4 Kf7 39. Kh2 Rxe7 40.
Rxe7+ Kxe7 41. Kg3 f5 42. Kf4 Ke6 1/2-1/2

[Event "4NCL/Div1/WG1-BG1"]
[Site "Rd11-Birmingham"]
[Date "2001.05.07"]
[Round "11.7"]
[White "Emms, John"]
[Black "McShane, Luke"]
[Result "1/2-1/2"]
[WhiteElo "2514"]
[BlackElo "2490"]
[PlyCount "51"]
[EventDate "2001.05.07"]

1. e4 c5 2. Nf3 Nc6 3. d4 cxd4 4. Nxd4 Nf6 5. Nc3 e5 6. Ndb5 d6 7. Bg5 a6 8.
Na3 b5 9. Nd5 Be7 10. Bxf6 Bxf6 11. c3 Bb7 12. Nc2 Nb8 13. Nce3 Nd7 14. g3 g6
15. h4 Bg7 16. h5 O-O 17. Qg4 Bxd5 18. Nxd5 Nf6 19. Nxf6+ Qxf6 20. Rd1 Rac8 21.
Be2 Rfd8 22. O-O Rc5 23. Bf3 Qe6 24. hxg6 hxg6 25. Qxe6 fxe6 26. Bg4 1/2-1/2

[Event "4NCL/Div1/WG1-BG1"]
[Site "Rd11-Birmingham"]
[Date "2001.05.07"]
[Round "11.8"]
[White "Richards, Heather"]
[Black "Arakhamia, Ketevan"]
[Result "0-1"]
[WhiteElo "2192"]
[BlackElo "2416"]
[PlyCount "60"]
[EventDate "2001.05.07"]

1. e4 g6 2. d4 Bg7 3. Nc3 d6 4. Be3 a6 5. Qd2 b5 6. a4 b4 7. Nd1 a5 8. c3 Nf6
9. f3 bxc3 10. bxc3 O-O 11. h4 h5 12. Nh3 Bxh3 13. Rxh3 c6 14. Nf2 Nbd7 15. Bg5
e5 16. dxe5 Nxe5 17. Rd1 d5 18. Qf4 Qe7 19. Be2 Qe6 20. Kf1 Rfe8 21. Rg3 dxe4
22. Nxe4 Nxe4 23. Qxe4 Qb3 24. Rc1 Rab8 25. Qc2 Qa3 26. Qd1 Rb2 27. f4 Ng4 28.
Bxg4 hxg4 29. Qxg4 Rf2+ 30. Kxf2 Qxc1 0-1

[Event "4NCL/Div1/MMO vs. GUI1"]
[Site "Birmingham ENG"]
[Date "2001.09.22"]
[Round "1.1"]
[White "Pert, Nicholas"]
[Black "Conquest, Stuart C"]
[Result "0-1"]
[WhiteElo "2475"]
[BlackElo "2565"]
[PlyCount "84"]
[EventDate "2001.09.22"]
[SourceDate "2001.01.01"]

1. d4 Nf6 2. Nf3 d5 3. c4 dxc4 4. Nc3 c6 5. a4 Na6 6. Ne5 Nb4 7. e3 Be6 8. Be2
g6 9. O-O Bg7 10. e4 O-O 11. Nxc4 Qc7 12. Ne5 Rad8 13. f4 Nd7 14. Nf3 Nc5 15.
Be3 Bg4 16. Ne5 Be6 17. Ra3 f5 18. exf5 Bxf5 19. Bc4+ e6 20. Qf3 Ncd3 21. g4
Nxe5 22. dxe5 Bd3 23. Bxe6+ Kh8 24. Rf2 Bxe5 25. Qg3 Bg7 26. Bc5 Rfe8 27. f5
Qxg3+ 28. hxg3 Nc2 29. Rb3 b6 30. f6 Rxe6 31. fxg7+ Kxg7 32. Bxb6 axb6 33. Rxb6
Rd7 34. a5 Ne3 35. g5 Nc4 36. Rb8 Nxa5 37. Rff8 Ree7 38. Rg8+ Kf7 39. Rbf8+ Ke6
40. Rf6+ Ke5 41. Rc8 Nc4 42. b3 Nd6 0-1

[Event "4NCL/Div1/MMO vs. GUI1"]
[Site "Birmingham ENG"]
[Date "2001.09.22"]
[Round "1.3"]
[White "Hunt, Adam C"]
[Black "Plaskett, James"]
[Result "1/2-1/2"]
[WhiteElo "2408"]
[BlackElo "2482"]
[PlyCount "72"]
[EventDate "2001.09.22"]
[SourceDate "2001.01.01"]

1. e4 c5 2. Nf3 d6 3. c3 Nf6 4. Be2 Bd7 5. d3 Bc6 6. O-O Nbd7 7. Re1 e6 8. Bf1
Be7 9. Nbd2 O-O 10. d4 b5 11. e5 Nd5 12. c4 bxc4 13. Nxc4 dxe5 14. dxe5 N5b6
15. b3 Nxc4 16. bxc4 Nb6 17. Bd3 Qd7 18. Qc2 h6 19. Be4 Rad8 20. Bxc6 Qxc6 21.
a4 Rd7 22. a5 Nc8 23. Bb2 Rfd8 24. Bc3 Rd3 25. Nd2 Bf8 26. Ne4 R3d7 27. Bd2 Rd4
28. f3 Qc7 29. Be3 R4d7 30. Bxh6 Qxe5 31. Bg5 Qd4+ 32. Nf2 Qd6 33. Bxd8 Rxd8
34. Red1 Qc7 35. Rxd8 Qxd8 36. Ne4 Qd4+ 1/2-1/2

[Event "4NCL/Div1/MMO vs. GUI1"]
[Site "Birmingham ENG"]
[Date "2001.09.22"]
[Round "1.4"]
[White "Rowson, Jonathan"]
[Black "Williams, Simon K"]
[Result "1-0"]
[WhiteElo "2514"]
[BlackElo "2369"]
[PlyCount "35"]
[EventDate "2001.09.22"]
[SourceDate "2001.01.01"]

1. e4 c5 2. Nc3 Nc6 3. Bb5 g6 4. Bxc6 bxc6 5. d3 Bg7 6. f4 Qa5 7. Nf3 d6 8. O-O
e6 9. Qe1 Ne7 10. e5 d5 11. b3 c4 12. dxc4 dxc4 13. Ne4 Qxe1 14. Nd6+ Kd7 15.
Rxe1 cxb3 16. axb3 f5 17. Rd1 Kc7 18. Bd2 1-0

[Event "4NCL/Div1/MMO vs. GUI1"]
[Site "Birmingham ENG"]
[Date "2001.09.22"]
[Round "1.7"]
[White "Ledger, Stephen C"]
[Black "Broomfield, Matthew"]
[Result "1/2-1/2"]
[WhiteElo "2196"]
[BlackElo "2271"]
[PlyCount "108"]
[EventDate "2001.09.22"]
[SourceDate "2001.01.01"]

1. d4 Nf6 2. Nf3 e6 3. Bf4 b6 4. e3 Bb7 5. Be2 c5 6. c3 d6 7. O-O Be7 8. h3 O-O
9. Nbd2 a6 10. a4 cxd4 11. exd4 Nc6 12. Re1 Re8 13. Bd3 e5 14. Bh2 exd4 15.
Nxd4 Nxd4 16. cxd4 Bd5 17. Rc1 Qd7 18. Nc4 Qb7 19. f3 Red8 20. Qe2 Bf8 21. Qd2
b5 22. axb5 axb5 23. Na3 Bc6 24. Bg3 Qb6 25. Bf2 d5 26. Nc2 b4 27. Ne3 g6 28.
Ng4 Nxg4 29. hxg4 Bd7 30. Ra1 Bd6 31. Qg5 Bc6 32. f4 Kg7 33. f5 f6 34. Qd2 g5
35. Bf1 Bd7 36. Qd3 b3 37. Qf3 Bc6 38. Rxa8 Rxa8 39. Re6 Qb4 40. g3 Ra2 41. Qe2
Bd7 42. Re3 Ra1 43. Kh2 Rc1 44. Be1 Qb7 45. Bg2 Rc2 46. Re7+ Kf8 47. Rxd7 Qxd7
48. Qf3 Qb5 49. Bc3 Bc7 50. Kh3 Ba5 51. Bf1 Qb6 52. Qxd5 Bxc3 53. Bc4 Ke7 54.
Qf7+ Kd6 1/2-1/2

[Event "4NCL/Div1/MMO vs. GUI1"]
[Site "Birmingham ENG"]
[Date "2001.09.22"]
[Round "1.8"]
[White "Yurenok, Maria S"]
[Black "Tidman, Sophie"]
[Result "1/2-1/2"]
[WhiteElo "2088"]
[BlackElo "1928"]
[PlyCount "161"]
[EventDate "2001.09.22"]
[SourceDate "2001.01.01"]

1. d4 Nf6 2. Nf3 g6 3. Bg5 Bg7 4. Nbd2 d6 5. e4 O-O 6. h3 c5 7. c3 cxd4 8. cxd4
Nc6 9. d5 Nb8 10. Bd3 h6 11. Be3 Na6 12. Bxa6 bxa6 13. O-O a5 14. Qe2 Qd7 15.
Nd4 e6 16. dxe6 fxe6 17. Rfd1 Rb8 18. Rab1 d5 19. e5 Nh5 20. Qg4 Kh7 21. f4 Rb4
22. N2f3 Qf7 23. a3 Ra4 24. b3 Rxa3 25. Nb5 Ra2 26. Nd6 Qe7 27. Nh4 Nxf4 28.
Bxf4 g5 29. Bg3 gxh4 30. Bxh4 Qc7 31. Nxc8 Qxc8 32. Rdc1 Rc2 33. Qd1 Qc5+ 34.
Kh1 Rxc1 35. Rxc1 Qb4 36. Qd3+ Kh8 37. Bg3 Qe7 38. Kh2 Qg5 39. Re1 Rf5 40. Qe2
h5 41. h4 Qe7 42. Rf1 Qf8 43. Rxf5 Qxf5 44. Qe3 a6 45. Qc3 Kh7 46. Qxa5 d4 47.
Qxa6 d3 48. Qd6 Bh6 49. Be1 Bf4+ 50. Bg3 Bh6 51. Be1 Kg6 52. g3 Bf8 53. Qd4 Bg7
54. Bd2 Bxe5 55. Qe3 Bf6 56. b4 Kf7 57. Kg2 Qd5+ 58. Kh2 e5 59. Qa7+ Kg6 60.
Qe3 e4 61. b5 {(=)} Bd4 62. Qh6+ Kf7 63. Qh7+ Ke8 64. b6 Kd8 {(=)} 65. Qc7+ Ke8
66. b7 Ba7 67. b8=Q+ Bxb8 68. Qxb8+ Kf7 69. Qf4+ Ke6 70. Qf2 Qa2 71. Qe1 Kd5
72. Kh3 Qc2 73. g4 Qc8 74. Qg3 hxg4+ 75. Qxg4 Qf8 76. Qg5+ Kd4 77. Qe3+ Kd5 78.
Kg4 Qc8+ 79. Kg3 Qe8 80. Qg5+ Kc4 81. h5 1/2-1/2

[Event "4NCL/Div1/SLO1 vs. BRI1"]
[Site "Birmingham ENG"]
[Date "2001.09.22"]
[Round "1.1"]
[White "Miles, Anthony J"]
[Black "Ansell, Simon"]
[Result "1/2-1/2"]
[WhiteElo "2565"]
[BlackElo "2376"]
[PlyCount "35"]
[EventDate "2001.09.22"]
[SourceDate "2001.01.01"]

1. d4 d5 2. Bf4 Nf6 3. e3 c6 4. c4 Bf5 5. Nc3 Qb6 6. Qb3 Nbd7 7. Nf3 Qxb3 8.
axb3 a6 9. h3 h6 10. c5 g5 11. Bh2 Bg7 12. b4 O-O 13. Be2 Rfe8 14. O-O Ne4 15.
Rfd1 e5 16. Kf1 Bg6 17. Nxe4 Bxe4 18. Nxe5 1/2-1/2

[Event "4NCL/Div1/SLO1 vs. BRI1"]
[Site "Birmingham ENG"]
[Date "2001.09.22"]
[Round "1.2"]
[White "Buckley, Graeme"]
[Black "McNab, Colin A"]
[Result "1/2-1/2"]
[WhiteElo "2370"]
[BlackElo "2437"]
[PlyCount "136"]
[EventDate "2001.09.22"]
[SourceDate "2001.01.01"]

1. d4 d6 2. Nf3 g6 3. c4 Bg7 4. Nc3 c6 5. e4 Bg4 6. Be2 Bxf3 7. Bxf3 Qb6 8. d5
Nd7 9. O-O Ngf6 10. Qc2 O-O 11. Be3 Qc7 12. Rac1 Rfc8 13. Qd2 Qd8 14. Be2 cxd5
15. cxd5 a6 16. f3 b5 17. Rfd1 Qa5 18. Bf1 Ne8 19. Bd4 Rc7 20. Bxg7 Nxg7 21. a3
Rac8 22. Qd4 Qb6 23. Qxb6 Nxb6 24. Na2 Rxc1 25. Rxc1 Rxc1 26. Nxc1 e6 27. dxe6
Nxe6 28. Kf2 Kf8 29. Na2 Ke7 30. Nb4 Nc7 31. Ke3 Na4 32. b3 Nc5 33. Nc6+ Kd7
34. Nd4 N7e6 35. b4 Nxd4 36. Kxd4 Ne6+ 37. Ke3 Nc7 38. g3 Na8 39. f4 Nb6 40.
Kd4 f6 41. Be2 Ke6 42. Bd1 Kd7 43. Bb3 Na8 44. Bg8 h6 45. Bh7 g5 46. Bf5+ Kc6
47. Bc8 gxf4 48. gxf4 Nc7 49. h4 Kb6 50. e5 dxe5+ 51. fxe5 fxe5+ 52. Kxe5 a5
53. Kd6 axb4 54. axb4 Ne8+ 55. Ke6 Kc7 56. Bd7 Nd6 57. h5 Ne4 58. Be8 Kd8 59.
Bc6 Nc3 60. Bd5 Ne2 61. Kf6 Nf4 62. Bf3 Nd3 63. Kg7 Ke7 64. Kxh6 Kf8 65. Kh7
Nxb4 66. h6 Nd3 67. Bd5 Ne5 68. Be6 Nf7 1/2-1/2

[Event "4NCL/Div1/SLO1 vs. BRI1"]
[Site "Birmingham ENG"]
[Date "2001.09.22"]
[Round "1.3"]
[White "Houska, Jovanka"]
[Black "Lalic, Susan"]
[Result "1/2-1/2"]
[WhiteElo "2354"]
[BlackElo "2329"]
[PlyCount "96"]
[EventDate "2001.09.22"]
[SourceDate "2001.01.01"]

1. e4 c6 2. d4 d5 3. e5 c5 4. c3 Nc6 5. Be3 Bf5 6. Nf3 e6 7. dxc5 Bg4 8. Bb5
Qc7 9. Nbd2 Nge7 10. Qa4 Bxf3 11. Nxf3 Nf5 12. Bxc6+ bxc6 13. Bd4 Be7 14. O-O
O-O 15. Rfe1 Rfb8 16. Rab1 a5 17. Qc2 Qa7 18. g4 Nh6 19. h3 Bxc5 20. Re3 g6 21.
Rd1 a4 22. Qc1 Kg7 23. Ng5 Rb7 24. Rf3 Bxd4 25. cxd4 Qb6 26. Rd2 Ra5 27. Rc3
Rc7 28. Nf3 c5 {(=)} 29. Rdc2 c4 30. b3 axb3 31. axb3 Rca7 32. Qf4 Ng8 33. bxc4
dxc4 34. Rxc4 h6 35. Rc6 Qb7 36. Rc8 Ra1+ 37. Kg2 g5 38. Qd2 Ne7 39. R8c7 Qe4
40. Rxa7 Rxa7 41. Qe2 Qa8 42. Kh2 Ra3 43. Nd2 Rxh3+ 44. Kxh3 Qh1+ 45. Kg3 Qg1+
46. Kf3 Qh1+ 47. Kg3 Qg1+ 48. Kf3 Qh1+ 1/2-1/2

[Event "4NCL/Div1/SLO1 vs. BRI1"]
[Site "Birmingham ENG"]
[Date "2001.09.22"]
[Round "1.4"]
[White "Cobb, Charles"]
[Black "Thiruchelvam, Murugan"]
[Result "1-0"]
[WhiteElo "2310"]
[BlackElo "2240"]
[PlyCount "77"]
[EventDate "2001.09.22"]
[SourceDate "2001.01.01"]

1. c4 e5 2. Nc3 Nc6 3. Nf3 g6 4. d4 exd4 5. Nxd4 Bg7 6. Nxc6 bxc6 7. g3 Ne7 8.
Bg2 O-O 9. O-O d6 10. Bg5 f6 11. Bf4 Rb8 12. b3 Be6 13. Qd2 c5 14. e4 Nc6 15.
Rad1 Qd7 16. Be3 Rbd8 17. f4 f5 18. e5 Qe8 19. exd6 Rxd6 20. Nd5 Nd4 21. Nxc7
Qf7 22. Nxe6 Qxe6 23. Bd5 Rxd5 24. cxd5 Qe4 25. Qd3 Qxd5 26. Qc4 Qxc4 27. bxc4
Re8 28. Kf2 Re6 29. Rb1 Ra6 30. Rb8+ Kf7 31. Rb7+ Kg8 32. Bxd4 Bxd4+ 33. Kg2
Rxa2+ 34. Kh3 Ra3 35. Re1 Be3 36. Rd1 Bd4 37. Re1 Be3 38. Re7 Bd4 39. Rb1 1-0

[Event "4NCL/Div1/SLO1 vs. BRI1"]
[Site "Birmingham ENG"]
[Date "2001.09.22"]
[Round "1.5"]
[White "Richmond, Robert J"]
[Black "Burgess, Graham"]
[Result "0-1"]
[WhiteElo "2234"]
[BlackElo "2292"]
[PlyCount "56"]
[EventDate "2001.09.22"]
[SourceDate "2001.01.01"]

1. d4 d5 2. c4 c6 3. cxd5 cxd5 4. Nc3 e5 5. e3 e4 6. Qb3 Nf6 7. Nge2 Nc6 8. Nf4
Bb4 9. Bd2 Bxc3 10. Bxc3 O-O 11. Bb5 Re8 12. O-O g5 13. Ne2 Qd6 14. Bxc6 Ng4
15. Ng3 bxc6 16. Rfc1 f5 17. Bb4 Qh6 18. h3 f4 19. hxg4 fxg3 20. fxg3 Bxg4 21.
Qc2 Re6 22. Rf1 a5 23. Ba3 Qh5 24. Qc5 Bf3 25. gxf3 exf3 26. Kf2 Qh2+ 27. Kxf3
g4+ 28. Kf4 Qh5 0-1

[Event "4NCL/Div1/SLO1 vs. BRI1"]
[Site "Birmingham ENG"]
[Date "2001.09.22"]
[Round "1.6"]
[White "Beaumont, Chris"]
[Black "Devereaux, Maxim"]
[Result "1-0"]
[WhiteElo "2292"]
[BlackElo "2268"]
[PlyCount "55"]
[EventDate "2001.09.22"]
[SourceDate "2001.01.01"]

1. d4 d5 2. Nf3 Nf6 3. c4 c6 4. Nc3 dxc4 5. a4 Bf5 6. e3 e6 7. Bxc4 Bb4 8. O-O
O-O 9. Nh4 Nbd7 10. Nxf5 exf5 11. h3 Rc8 12. Qb3 c5 13. Rd1 cxd4 14. exd4 a5
15. Bd3 g6 16. Bh6 Re8 17. Bc4 Re7 18. Bg5 Kg7 19. Re1 Rxe1+ 20. Rxe1 Qf8 21.
Bd5 Qd6 22. Bxf7 Qxd4 23. Rd1 Nc5 24. Rxd4 Nxb3 25. Bxb3 Bxc3 26. bxc3 Rxc3 27.
Bxf6+ Kxf6 28. Rd6+ 1-0

[Event "4NCL/Div1/SLO1 vs. BRI1"]
[Site "Birmingham ENG"]
[Date "2001.09.22"]
[Round "1.7"]
[White "Houska, Miroslav"]
[Black "McFarland, Robert S"]
[Result "1-0"]
[WhiteElo "2284"]
[BlackElo "2278"]
[PlyCount "133"]
[EventDate "2001.09.22"]
[SourceDate "2001.01.01"]

1. d4 g6 2. h4 h5 3. e4 Bg7 4. Bc4 c6 5. Nc3 d6 6. a4 Nf6 7. Bb3 d5 8. e5 Ng4
9. Nh3 Nh6 10. Ne2 Bxh3 11. Rxh3 e6 12. Bg5 Qc7 13. c3 c5 14. Kf1 Nc6 15. Rc1
Qb6 16. Bc2 Rc8 17. b3 Ng8 {(=)} 18. f3 Bf8 19. dxc5 Bxc5 20. b4 Bf8 21. a5 Qc7
22. f4 Be7 23. Qd2 Kf8 24. Kg1 Kg7 25. f5 gxf5 26. Rg3 Kf8 27. Rf1 Nxe5 28.
Bxf5 exf5 29. Rxf5 Bxg5 30. Qxg5 Ng4 31. Nf4 Rh6 32. Nxh5 Rxh5 33. Qxh5 N8h6
34. Rxg4 Nxg4 35. Qxg4 Qxc3 36. Rxd5 Qc1+ 37. Kh2 Qc7+ 38. Kg1 Qc1+ 39. Rd1 Qc7
40. h5 Rd8 41. Rf1 Qe5 42. Qf5 Qxf5 43. Rxf5 Kg7 44. Kf2 a6 45. Rf4 Rd5 46. g4
Rb5 47. Ke3 b6 48. axb6 Rxb6 49. Kd3 Rb5 50. Kc4 Rg5 51. Rd4 Kg8 52. Rd6 a5 53.
b5 Rxg4+ 54. Kc5 Rg1 55. b6 Rb1 56. Rd8+ Kg7 57. Kc6 a4 58. b7 Rc1+ 59. Kb6
Rb1+ 60. Ka7 a3 61. b8=Q Rxb8 62. Kxb8 Kh6 63. Kc7 f5 64. Kd6 f4 65. Ra8 Kxh5
66. Ke5 Kg4 67. Ke4 1-0

[Event "4NCL/Div1/BAR2 vs. BAR1"]
[Site "Birmingham ENG"]
[Date "2001.09.22"]
[Round "1.1"]
[White "Shikerov, Stefan"]
[Black "Parker, Jonathan"]
[Result "0-1"]
[WhiteElo "2298"]
[BlackElo "2547"]
[PlyCount "73"]
[EventDate "2001.09.22"]
[SourceDate "2001.01.01"]

1. d4 Nf6 2. c4 e6 3. Nc3 d5 4. Bg5 Be7 5. e3 h6 6. Bxf6 Bxf6 7. Nf3 O-O 8.
cxd5 exd5 9. b4 Be7 10. Rb1 c6 11. Bd3 Bd6 12. O-O a6 13. a4 a5 14. b5 Re8 15.
h3 Nd7 16. Qc2 Nf8 17. bxc6 bxc6 18. e4 Be6 19. e5 Be7 20. Ne2 Rc8 21. Ba6 Rc7
22. Rb7 Rxb7 23. Bxb7 Bd7 24. Nf4 Qb6 25. Rb1 Bb4 26. Nxd5 Qxb7 27. Nxb4 axb4
28. Nd2 Qb6 29. Qd3 Ne6 30. Nb3 Bc8 31. a5 Qa6 32. Qe4 Qc4 33. Qe3 Rd8 34. Rc1
Qd5 35. Kh2 Bb7 36. Nc5 Ba8 37. Nxe6 0-1